<?xml version="1.0" encoding="UTF-8"?>
<collection xmlns="http://www.loc.gov/MARC21/slim">
 <record>
  <leader>01226nam a2200217Ia 4500</leader>
  <controlfield tag="001">TDMU_20995</controlfield>
  <controlfield tag="008">210410s9999    xx            000 0 und d</controlfield>
  <datafield tag="082" ind1=" " ind2=" ">
   <subfield code="a">393.089</subfield>
  </datafield>
  <datafield tag="090" ind1=" " ind2=" ">
   <subfield code="b">Đ104</subfield>
  </datafield>
  <datafield tag="100" ind1=" " ind2=" ">
   <subfield code="a">Đàm, Văn Hiển</subfield>
  </datafield>
  <datafield tag="245" ind1=" " ind2="0">
   <subfield code="a">Ai kinh Tày - Nùng</subfield>
  </datafield>
  <datafield tag="245" ind1=" " ind2="0">
   <subfield code="c">Đàm Văn Hiển</subfield>
  </datafield>
  <datafield tag="260" ind1=" " ind2=" ">
   <subfield code="a">H.</subfield>
  </datafield>
  <datafield tag="260" ind1=" " ind2=" ">
   <subfield code="b">Văn hóa thông tin</subfield>
  </datafield>
  <datafield tag="260" ind1=" " ind2=" ">
   <subfield code="c">2014</subfield>
  </datafield>
  <datafield tag="300" ind1=" " ind2=" ">
   <subfield code="a">147 tr.</subfield>
  </datafield>
  <datafield tag="520" ind1=" " ind2=" ">
   <subfield code="a">Là những bài kinh lục thày Tào sử dụng khi phụng hành siêu độ trong đám tang đã được các thầy Tày - Nùng hóa với 7 phần: Mục liên kinh, thập biệt khoa, yểu vong thập biệt khoa, thập nguyệt hoài thai, hoàn công dưỡng dục, nhiên đăng.</subfield>
  </datafield>
  <datafield tag="650" ind1=" " ind2=" ">
   <subfield code="a">Phong tục</subfield>
   <subfield code="x">Ma chay (Tang lễ)</subfield>
   <subfield code="x">Bài kinh</subfield>
   <subfield code="x">Dân tộc Tày - Nùng</subfield>
   <subfield code="z">Việt Nam; Bài kinh</subfield>
   <subfield code="x">Ma chay (Tang lễ)</subfield>
   <subfield code="x">Dân tộcTày - Nùng</subfield>
   <subfield code="z">Việt Nam; Dân tộc Tày - Nùng</subfield>
   <subfield code="x">Phong tục</subfield>
   <subfield code="x">Ma chay (Tang lễ)</subfield>
   <subfield code="x">Bài kinh</subfield>
  </datafield>
  <datafield tag="700" ind1=" " ind2=" ">
   <subfield code="a">Hội Văn nghệ dân gian Việt Nam</subfield>
  </datafield>
  <datafield tag="856" ind1=" " ind2=" ">
   <subfield code="u">http://lrc.tdmu.edu.vn/opac/search/detail.asp?aID=2&amp;ID=20995</subfield>
  </datafield>
  <datafield tag="980" ind1=" " ind2=" ">
   <subfield code="a">Trung tâm Học liệu Trường Đại học Thủ Dầu Một</subfield>
  </datafield>
 </record>
</collection>
